000
00311nam a22001337a 4500
008
181102b xxu||||| |||| 00| 0 eng d
020
_a
0030581613
041
_a
eng
080
_a
370
100
_a
49
101
_a
EDU
245
_a
Good Thinking An Introduction To Logic
_c
rUNKLE.g
942
_2
udc
_c
BK
999
_c
51656
_d
51656